Estimating for Builders and Surveyors / (Record no. 2221)
[ view plain ]
| 000 -LEADER | |
|---|---|
| fixed length control field | 00946nac a22002411u 4500 |
| 008 - FIXED-LENGTH DATA ELEMENTS--GENERAL INFORMATION | |
| fixed length control field | 101007t xxu||||| |||| 00| 0 eng d |
| 020 ## - INTERNATIONAL STANDARD BOOK NUMBER | |
| International Standard Book Number | 0750642718 |
| 020 ## - INTERNATIONAL STANDARD BOOK NUMBER | |
| International Standard Book Number | 9780750642712 |
| 082 ## - DEWEY DECIMAL CLASSIFICATION NUMBER | |
| Classification number | 692.5 |
| Item number | BUC |
| 100 ## - MAIN ENTRY--PERSONAL NAME | |
| Personal name | Buchan, Ross D. |
| 9 (RLIN) | 20198 |
| 245 ## - TITLE STATEMENT | |
| Title | Estimating for Builders and Surveyors / |
| Statement of responsibility, etc | Ross D. Buchan,F. W. Eric Fleming and Fiona E. K. Grant |
| 250 ## - EDITION STATEMENT | |
| Edition statement | 2nd ed. |
| 260 ## - PUBLICATION, DISTRIBUTION, ETC. (IMPRINT) | |
| Place of publication, distribution, etc | Oxford : |
| Name of publisher, distributor, etc | Butterworth-Heinemann , |
| Date of publication, distribution, etc | 2003. |
| 300 ## - PHYSICAL DESCRIPTION | |
| Extent | ix,310 p. : |
| Other physical details | ill. ; |
| Dimensions | 25 cm. |
| 500 ## - GENERAL NOTE | |
| General note | Includes index |
| 600 ## - SUBJECT ADDED ENTRY--PERSONAL NAME | |
| Personal name | Grant, Fiona E. K. |
| 9 (RLIN) | 20199 |
| 600 ## - SUBJECT ADDED ENTRY--PERSONAL NAME | |
| Personal name | Fleming, F. W. |
| 9 (RLIN) | 20200 |
| 650 ## - SUBJECT ADDED ENTRY--TOPICAL TERM | |
| Topical term or geographic name as entry element | Building |
| General subdivision | Estimates |
| Geographic subdivision | Great Britain |
| 9 (RLIN) | 20201 |
| 700 ## - ADDED ENTRY--PERSONAL NAME | |
| 9 (RLIN) | 20196 |
| Personal name | Grant, Fiona E. K. |
| 700 ## - ADDED ENTRY--PERSONAL NAME | |
| 9 (RLIN) | 20197 |
| Personal name | Fleming, F. W. Eric |
| 942 ## - ADDED ENTRY ELEMENTS (KOHA) | |
| Item type | Book - Borrowing |
| Call number prefix | 692.5 BUC |
| Source of classification or shelving scheme | Dewey Decimal Classification |
| Withdrawn status | Item status | Source of classification or shelving scheme | Damaged status | Not for loan | Vendor | Home library | Current library | Shelving location | Date acquired | Source of acquisition | Total Checkouts | Full call number | Barcode | Date last seen | Cost, replacement price | Koha item type |
|---|---|---|---|---|---|---|---|---|---|---|---|---|---|---|---|---|
| Dewey Decimal Classification | Central Library | Central Library | First floor | 07/02/2013 | 692.5 BUC | 000002091 | 15/07/2025 | 325.00 | Book - Borrowing |